Cơ sở dữ liệu

Sách gồm 10 chương, không chú trọng vào kĩ thuật cụ thể nào mà chỉ trình bày các nét khái quát, hình thức về cơ sở dữ liệu như môi trường cơ sở dữ liệu, thiết kế cơ sở dữ liệu, cơ sở dữ liệu quan hệ, ngôn ngữ SQL, ... Sách thíc...

Täydet tiedot

Tallennettuna:
Bibliografiset tiedot
Päätekijä: Đỗ, Trung Tuấn
Aineistotyyppi: Kirja
Kieli:Undetermined
Julkaistu: H. Đại học Quốc gia Hà Nội 2007
Aiheet:
Linkit:http://lrc.tdmu.edu.vn/opac/search/detail.asp?aID=2&ID=6433
Tagit: Lisää tagi
Ei tageja, Lisää ensimmäinen tagi!
Thư viện lưu trữ: Trung tâm Học liệu Trường Đại học Thủ Dầu Một
LEADER 01245nam a2200205Ia 4500
001 TDMU_6433
008 210410s9999 xx 000 0 und d
082 |a 005.74 
090 |b Đ450 
100 |a Đỗ, Trung Tuấn 
245 0 |a Cơ sở dữ liệu 
245 0 |c Đỗ Trung Tuấn 
260 |a H. 
260 |b Đại học Quốc gia Hà Nội 
260 |c 2007 
300 |a 337tr. 
520 |a Sách gồm 10 chương, không chú trọng vào kĩ thuật cụ thể nào mà chỉ trình bày các nét khái quát, hình thức về cơ sở dữ liệu như môi trường cơ sở dữ liệu, thiết kế cơ sở dữ liệu, cơ sở dữ liệu quan hệ, ngôn ngữ SQL, ... Sách thích hợp cho sinh viên giai đoạn đầu bậc đại học hay cao đẳng các ngành công nghệ thông tin và dùng làm tham khảo cho sinh viên các ngành khác. 
650 |a Công nghệ thông tin; Cơ sở dữ liệu quan hệ; Ngôn ngữ SQL 
856 |u http://lrc.tdmu.edu.vn/opac/search/detail.asp?aID=2&ID=6433 
980 |a Trung tâm Học liệu Trường Đại học Thủ Dầu Một